000 00901nam a2200205 i 4500
001 157905
003 ES-MaACL
005 20231226151431.0
008 990222s1875 sp |||| | spa d
100 1 _aLobo, Miguel,
_d1821-1876
_9157683
245 1 0 _aHistoria general de las antiguas colonias hispano-americanas
_b: desde su descubrimiento hasta el año mil ochocientos ocho /
_cpor Miguel Lobo.
260 _aMadrid :
_bImp. y Librería de Miguel Guijarro,
_c1875.
300 _a3 v. ([4], 491; [4], 438, [1]; [4], 469, [1] p.) ;
_c26 cm.
530 _aDisponible en formato digital.
651 4 _aAmérica española-
_xHistoria.
_97723
752 _aEspaña -
_dMadrid
852 _aES-MaACL
_jC-881-83
_z- Enc. hol.
856 _uhttp://bvrajyl.rajyl.es/i18n/consulta/registro.cmd?id=8159
_zBiblioteca Virtual de la Real Academia de Jurisprudencia y Legislación
999 _c157905
_d157905